| 000 | 02384cam a22005054i 4500 | ||
|---|---|---|---|
| 003 | PE-LiUPU | ||
| 005 | 20250731165446.0 | ||
| 008 | 150617s r 000 0 d | ||
| 035 | _a(Sirsi) a18856 | ||
| 035 | _a(Sirsi) a18856 | ||
| 040 |
_aPE-LiUPU _bspa _cPE-LiUPU _erda |
||
| 049 | _aPRUA | ||
| 082 | 0 | 4 |
_a109 _bM26 _221 |
| 100 | 1 |
_aMarías, Julián, _d1914-2005, _eautor. |
|
| 245 | 1 | 0 |
_aAnálisis de los Estados Unidos. Israel. _n8, _pconsideración de Cataluña, _pnuestra Andalucia, _pnuevos ensayos de filosofía / _cJulián Marías. |
| 264 | 1 |
_aMadrid : _bRevista de Occidente, _c1970. |
|
| 300 |
_a656 páginas ; _c22 cm |
||
| 336 |
_atext _2rdacontent |
||
| 337 |
_aunmediated _2rdamedia |
||
| 338 |
_avolume _2rdacarrier |
||
| 505 | 0 | _a¿Los mismos Estados Unidos? -- Blanco y negro -- Norte y sur -- Complacencia y crítica -- Los males de este mundo -- El arte de mentir -- Vietnam -- La literatura -- La vida cotidiana -- Los bienes de la tierra -- De sobremesa -- La universidad -- La mujer americana. Las fronteras de la inspiración -- La proa -- Israel: una resurrección -- Imagen de la India -- Meditaciones sobre la sociedad española -- Cuando el futuro ha empezado ya -- La España nunca vista -- Antonio Alcalá Galiano -- El motín de Esquilache -- Hispanoamérica desde el escritor -- Pueto Rico después de 1898 -- Panorama desde el concilio -- Consideración de Caraluña -- Nuestra Andalucía -- Nuevos ensayos de filosofía. | |
| 526 | _aSEG44 | ||
| 526 | _aSEG26 | ||
| 526 | _aP151 | ||
| 526 | _aP150 | ||
| 526 | _aP149 | ||
| 526 | _aP146 | ||
| 526 | _aP145 | ||
| 526 | _aP126 | ||
| 526 | _aP125 | ||
| 526 | _aP92 | ||
| 526 | _aP75 | ||
| 526 | _aP74 | ||
| 526 | _aP27 | ||
| 526 | _aP15 | ||
| 650 | 1 | 4 | _aFilosofía. |
| 650 | 1 | 4 | _aSociología. |
| 910 |
_ajck _bjvq _cjck _d20150616 |
||
| 942 |
_2ddc _cBOOK |
||
| 949 |
_a109 M26 8 _wDEWEY _c1 _i33812 _lRC _mBUL _r0 _sY _tBOOK _u2015-6-17 _xBIBLIOTECA _zUNKNOWN _0COMPRA _o.CIRCNOTE. No olvidar cambiar la fecha de devolución!!!!!!! _o.STAFF. Colección General |
||
| 994 |
_aC0 _bPEPRU |
||
| 596 | _a1 | ||
| 999 |
_a109 M26 8 _wDEWEY _c18594 _i33812 _f2021-11-8 _g5 _lRCG _mBUL _r1 _sY _tBOOK _u2015-6-17 _xBIBLIOTECA _zUNKNOWN _0COMPRA _o.CIRCNOTE. No olvidar cambiar la fecha de devolución!!!!!!! _o.STAFF. Colección General _d18594 |
||
| 980 |
_81 _gALBERTO SANCHEZ Responsable de Automatización |
||